00486nam a2200169Ia 4500003000900000008004100009020002200050040001600072080001500088100002100103245009500124260002500219300001300244650001400257650001900271700002600290IN-BaIIA211028s9999 xx 000 0 eng d a978-3-319-90819-9 cIIA Library a52-77bWIL aWilson, Thomas L 0aTools of radio astronomybproblems and solutionscThomas L Wilson and Susanne Huttemeister aChambSpringerc2018 ax, 180p. aAstronomy aRadioastronomy aHuttemeister, Susanne